000 01127 a2200241 4500
001 45952
005 20260407155732.0
008 260407a1979 arg spa d
003 AR-UNSa-BCEJYS
040 _aAR-UNSa-BCEJYS
_bspa
_cAR-UNSa-BCEJYS
080 _a330.14
_xCapital
245 1 0 _aEl capital
020 _a968-419-074-3
264 1 _aMéxico :
_bGrijalbo
_c1979
300 _a64 p.
_c23 cm.
505 _aVOL. II. Libro primero: EL PROCESO DE PRODUCCIÓN DEL CAPITAL: Sección Primera: MERCANCÍA Y DINERO: Capítulo Primero: La mercancía: 1. Los dos factores de la mercancía: valor de uso y valor (substancia de valor, magnitud de valor) – 2. Dúplice carácter del trabajo representado en las mercancías – 3. La forma de valor, valor de cambio – 4. El carácter de fetiche de la mercancía y su secreto - - Capítulo segundo: El proceso de cambio.
041 _aspa
942 _cBK
590 _aniveau_biblio:m niveau_hierar:0
100 1 _aSacristán, Manuel
700 1 _aMarx, Carlos
856 4 1 _uhttps://www.biblioeco.unsa.edu.ar/pmb/images/libros/L127239.jpg
_yImagen de portada
_qimage/jpeg
999 _c4081
_d4081